Addio mia concubina

Salvato in:
Dettagli Bibliografici
Autore principale: Lee, Lilian
Natura: Libro
Lingua:inglese
Pubblicazione: Milano
Tags: Aggiungi Tag
Nessun Tag, puoi essere il primo ad aggiungerne!!

MARC

LEADER 00000nam a2200000 4500
001 CDOM0000003729
003 mi
005 20250914091404.0
008 250914b |||||||| |||| 00| 0 eng d
040 |c mi 
100 |a Lee, Lilian 
245 1 |a Addio mia concubina  
260 |a Milano 
942 |2 ddc  |c BK 
952 |0 0  |1 0  |2 ddc  |4 0  |7 0  |9 6946  |a MI  |b MI  |d 2009-08-21  |i 5441  |l 0  |p CDOM5441  |r 2025-07-13 16:28:00  |w 2025-07-13  |x ACQUISTO  |y BK 
999 |c 5670  |d 5670